000 00763nam a22002537a 4500
003 UA-OsUOA
001 31998
007 ta
008 20050119b un ||||| |||| 00| 0 ukr d
090 _a141.82
_bВ77
942 _cBK
040 _aUA-OsUOA
_brus
_cUA-OsUOA
_dUA-OsUOA
245 _aВоспоминания о Владимире Ильиче Ленине
_bВ 10 томах
_cРед. М. П.Мчедлов А. П.Поляков А. М.Совокин
_nВоспоминания родных
300 _a352 с.
_bІлюстрації
955 _a0
041 _arus
080 _a141.82
020 _a5-250-01019-9
260 _aМосква
_bПолитиздат
_c1989
246 3 1 _aТ. 1
_n
044 _aRU
650 7 _2UDC
999 _c318435
_d318435